[Event "Tournament 14459 - Europe Echecs"]
[Site "Europe Echecs"]
[Date "2020.07.07"]
[Round "1"]
[Time "14:15:03"]
[PlyCount "63"]
[White "NicotAnna"]
[Black "DeMartinoDanie"]
[WhiteElo "1220"]
[BlackElo "870"]
[Mode "WEB"]
[Result "0-1"]

1. e4 c5 2. Nf3 Nc6 3. d4 cxd4 4. Nxd4 g6 5. Nc3 Bg7 6. Be3 Nf6 7. Bb5 O-O 8.
O-O a6 9. Bc4 b5 10. Bd3 Re8 11. f4 d5 12. e5 Nd7 13. Qf3 Nb4 14. Nxd5 Nxd3 15.
cxd3 Bb7 16. Rac1 e6 17. f5 Bxd5 18. Qf2 gxf5 19. Qg3 f6 20. Bh6 Re7 21. exf6
Nxf6 22. Rc5 Qb6 23. b4 a5 24. a3 Nd7 25. Nxe6 Bxe6 26. Qg5 Rae8 27. Re1 Nxc5
28. bxc5 Qxc5+ 29. Kh1 Bc4 30. Rd1 Re1+ 31. Rxe1 Rxe1# {NicotAnna est échec et mat} 0-1

[Event "Tournament 14459 - Europe Echecs"]
[Site "Europe Echecs"]
[Date "2020.07.07"]
[Round "1"]
[Time "14:15:03"]
[PlyCount "35"]
[White "JoinErnest"]
[Black "ToChu"]
[WhiteElo "860"]
[BlackElo "1210"]
[Mode "WEB"]
[Result "0-1"]

1. c4 e5 2. Nc3 Nf6 3. e4 Nc6 4. d3 Bb4 5. Qb3 Bxc3+ 6. Qxc3 Nd4 7. Bf4 d6 8.
Bg5 h6 9. Bxf6 Qxf6 10. Be2 O-O 11. Nf3 Nxe2 12. Kxe2 Bg4 13. Ke1 Bxf3 14. gxf3
Qxf3 15. Kd2 Qxf2+ 16. Kd1 Rfe8 17. Re1 Qxh2 {JoinErnest a abandonné} 0-1

[Event "Tournament 14459 - Europe Echecs"]
[Site "Europe Echecs"]
[Date "2020.07.07"]
[Round "1"]
[Time "14:15:03"]
[PlyCount "43"]
[White "AndreaniEleono"]
[Black "SingaramSheyon"]
[WhiteElo "799"]
[BlackElo "1209"]
[Mode "WEB"]
[Result "0-1"]

1. e4 e5 2. Bc4 Nc6 3. Qg4 d5 4. Bxd5 Bxg4 5. h3 Bh5 6. Nf3 Nf6 7. O-O Bxf3 8.
gxf3 Qd7 9. Bxc6 bxc6 10. d3 Qxh3 11. Nd2 Nh5 12. Nc4 Nf4 13. Bxf4 exf4 14. Ne5
Bd6 15. Ng4 Qxf3 16. Nh2 Qh3 17. f3 g5 18. d4 g4 19. e5 g3 20. Rfd1 Qxh2+ 21.
Kf1 Qf2# {AndreaniEleono est échec et mat} 0-1

[Event "Tournament 14459 - Europe Echecs"]
[Site "Europe Echecs"]
[Date "2020.07.07"]
[Round "1"]
[Time "14:15:03"]
[PlyCount "36"]
[White "VijaySoukreev"]
[Black "AngeleAndreas"]
[WhiteElo "1204"]
[BlackElo "799"]
[Mode "WEB"]
[Result "1-0"]

1. d4 d5 2. Nf3 Nc6 3. Bf4 Nf6 4. e3 a6 5. c3 e6 6. Bd3 Bd6 7. Bg3 Bxg3 8. hxg3
O-O 9. Ne5 Nxe5 10. dxe5 Ng4 11. Qxg4 f6 12. Bxh7+ Kh8 13. Bc2+ Kg8 14. Nd2 fxe5
15. Rh7 Kf7 16. Qxg7+ Ke8 17. Bg6+ Rf7 18. Qxf7# {AngeleAndreas est échec et mat} 1-0

[Event "Tournament 14459 - Europe Echecs"]
[Site "Europe Echecs"]
[Date "2020.07.07"]
[Round "1"]
[Time "14:15:03"]
[PlyCount "85"]
[White "BaloulYaksen"]
[Black "HeemAlice"]
[WhiteElo "799"]
[BlackElo "1203"]
[Mode "WEB"]
[Result "0-1"]

1. e3 c5 2. d4 cxd4 3. exd4 Nf6 4. Nf3 g6 5. Ne5 Bg7 6. f4 e6 7. Bd3 O-O 8. b4
Qb6 9. a3 Qxd4 10. Ra2 d6 11. a4 dxe5 12. Qd2 Qd5 13. c3 Rd8 14. fxe5 Qxe5+ 15.
Kd1 Qd5 16. c4 Qxd3 17. Qxd3 Rxd3+ 18. Ke1 Nc6 19. Ra3 Rd4 20. Rf1 Nxb4 21. Rb3
Nc2+ 22. Ke2 Bd7 23. a5 Ba4 24. Rb6 axb6 25. g3 bxa5 26. h3 Rxc4 27. Ba3 Rd4 28.
g4 Bb5+ 29. Kf2 Bxf1 30. Kxf1 Rd1+ 31. Kf2 Rxb1 32. Kf3 Bf8 33. h4 Bxa3 34. g5
Ne8 35. Ke4 Rb5 36. Kf4 Rd8 37. Ke4 Rc8 38. Kf4 Na1 39. Ke4 Rc4+ 40. Ke3 Rb3+
41. Kf2 Rc2+ 42. Kg1 Rb1# {BaloulYaksen est échec et mat} 0-1

[Event "Tournament 14459 - Europe Echecs"]
[Site "Europe Echecs"]
[Date "2020.07.07"]
[Round "1"]
[Time "14:15:03"]
[PlyCount "84"]
[White "LetellierLouis"]
[Black "BaudinMarkus"]
[WhiteElo "1203"]
[BlackElo "799"]
[Mode "WEB"]
[Result "1-0"]

1. d4 e5 2. dxe5 Bc5 3. Nc3 Qh4 4. g3 Qh5 5. Nf3 f6 6. Bf4 fxe5 7. Bxe5 Qg6 8.
Bxc7 a5 9. Bxb8 Rxb8 10. Bg2 Ba7 11. O-O Ne7 12. e4 O-O 13. Ne5 Qf6 14. Nf3 d5
15. exd5 Rd8 16. Qd2 b6 17. Rad1 Bb7 18. Qd4 Qf5 19. Qe5 Qxc2 20. Qxe7 Qxb2 21.
Ne4 Re8 22. Qh4 Qc2 23. Nd6 Ba6 24. Nxe8 Rxe8 25. Rfe1 Be2 26. Rc1 Qd2 27. Qa4
b5 28. Nxd2 bxa4 29. Bf3 a3 30. Rxe2 Rxe2 31. Bxe2 Kf8 32. Rc8+ Kf7 33. Rc7+ Kf8
34. Rxa7 Kg8 35. d6 h6 36. Bd3 Kf8 37. Kg2 Ke8 38. Kf3 Kd8 39. Ke4 Ke8 40. Ke5
Kd8 41. Ke6 Ke8 42. Ra8# {BaudinMarkus est échec et mat} 1-0

[Event "Tournament 14459 - Europe Echecs"]
[Site "Europe Echecs"]
[Date "2020.07.07"]
[Round "1"]
[Time "14:15:03"]
[PlyCount "26"]
[White "BernardiNicola"]
[Black "SenegasAngelo"]
[WhiteElo "799"]
[BlackElo "1200"]
[Mode "WEB"]
[Result "1-0"]

1. e4 e5 2. Nf3 Nc6 3. Bc4 Bc5 4. d3 Nf6 5. Bg5 h6 6. Bxf6 Qxf6 7. O-O d6 8. Nc3
Bg4 9. Nd5 Qd8 10. h3 Bxf3 11. Qxf3 Nb4 12. Nxb4 Bxb4 13. Qxf7# {SenegasAngelo est échec et mat} 1-0

[Event "Tournament 14459 - Europe Echecs"]
[Site "Europe Echecs"]
[Date "2020.07.07"]
[Round "1"]
[Time "14:15:03"]
[PlyCount "58"]
[White "NouvianArthur"]
[Black "BernardLudovic"]
[WhiteElo "1199"]
[BlackElo "799"]
[Mode "WEB"]
[Result "1-0"]

1. e4 e5 2. Nf3 Nc6 3. Bc4 Nf6 4. d3 Bc5 5. O-O Ng4 6. Nc3 Qf6 7. Bg5 Qg6 8. h3
d6 9. hxg4 Bxg4 10. Bd2 Qh5 11. Qe2 Bxf3 12. Qxf3 Qg6 13. Qd1 Nd4 14. Bd5 Rd8
15. Bxb7 Rd7 16. Bc8 Rd8 17. Bh3 Ne6 18. Bf5 Qf6 19. Nd5 Nd4 20. Nxf6+ Kf8 21.
Nxh7+ Ke8 22. Ng5 Nxf5 23. exf5 f6 24. Ne6 Rd7 25. Qg4 Rg8 26. Qg6+ Ke7 27. Bh6
gxh6 28. Qxg8 Bd4 29. Qf8# {BernardLudovic est échec et mat} 1-0

[Event "Tournament 14459 - Europe Echecs"]
[Site "Europe Echecs"]
[Date "2020.07.07"]
[Round "1"]
[Time "14:15:03"]
[PlyCount "85"]
[White "BertrandCome"]
[Black "VossZachary"]
[WhiteElo "799"]
[BlackElo "1196"]
[Mode "WEB"]
[Result "0-1"]

1. e4 c5 2. e5 Nc6 3. Nf3 g6 4. Nc3 Bg7 5. Qe2 f6 6. exf6 Nxf6 7. d3 O-O 8. Bg5
d6 9. Bxf6 Bxf6 10. O-O-O a6 11. Nd5 Bg7 12. d4 cxd4 13. Nxd4 Bxd4 14. Qc4 Be6
15. Re1 Bf7 16. Be2 Bg7 17. Bg4 Na5 18. Nxe7+ Kh8 19. Qf4 Be5 20. Rxe5 Be6 21.
Rxe6 Rxf4 22. Nxg6+ hxg6 23. Rxg6 Rxf2 24. Be6 Qc7 25. Bf5 Rxf5 26. Rh6+ Kg7 27.
Rh3 Rf2 28. Rg3+ Kf7 29. Rf3+ Rxf3 30. gxf3 Rc8 31. Kd1 Qxc2+ 32. Ke1 Qc1+ 33.
Ke2 Rc2+ 34. Kd3 Qd2+ 35. Ke4 Qb4+ 36. Ke3 Nc4+ 37. Kf4 Ne5+ 38. Kg3 Qxb2 39.
Kf4 Qd4+ 40. Kg3 Qf2+ 41. Kh3 Rc3 42. a4 Rxf3# {BertrandCome est échec et mat} 0-1

[Event "Tournament 14459 - Europe Echecs"]
[Site "Europe Echecs"]
[Date "2020.07.07"]
[Round "1"]
[Time "14:15:03"]
[PlyCount "28"]
[White "PleutMael"]
[Black "BlanchardEmile"]
[WhiteElo "1191"]
[BlackElo "799"]
[Mode "WEB"]
[Result "1-0"]

1. d4 d5 2. c4 dxc4 3. e3 Nf6 4. Bxc4 Nc6 5. Nf3 Bf5 6. Qb3 e6 7. Qxb7 Rc8 8.
Qxc6+ Ke7 9. b3 h5 10. Ba3+ Qd6 11. Bxd6+ cxd6 12. Qxc8 Ne4 13. Qc7+ Ke8 14.
Bb5# {BlanchardEmile est échec et mat} 1-0

[Event "Tournament 14459 - Europe Echecs"]
[Site "Europe Echecs"]
[Date "2020.07.07"]
[Round "1"]
[Time "14:15:03"]
[PlyCount "34"]
[White "SamorukovBoris"]
[Black "BoursierIrina"]
[WhiteElo "1185"]
[BlackElo "799"]
[Mode "WEB"]
[Result "1-0"]

1. e4 e5 2. Nf3 Nc6 3. Bc4 Bc5 4. c3 Nf6 5. d4 exd4 6. e5 Ng4 7. O-O O-O 8. Na3
dxc3 9. bxc3 Bxa3 10. Bxa3 Ncxe5 11. Nxe5 Nxe5 12. Bb3 d6 13. Bc2 Bg4 14. Qd4
Be6 15. Rfe1 a5 16. Qe4 Ra6 17. Qxh7# {BoursierIrina est échec et mat} 1-0

[Event "Tournament 14459 - Europe Echecs"]
[Site "Europe Echecs"]
[Date "2020.07.07"]
[Round "1"]
[Time "14:15:03"]
[PlyCount "64"]
[White "LayadiYasmine"]
[Black "CazacuSofia"]
[WhiteElo "1180"]
[BlackElo "799"]
[Mode "WEB"]
[Result "1-0"]

1. e4 e5 2. Nf3 f6 3. Nc3 Nc6 4. Bc4 d5 5. exd5 Na5 6. Bb5+ c6 7. dxc6 bxc6 8.
Ba4 h5 9. d3 Bg4 10. Be3 f5 11. Nxe5 Bxd1 12. Nxd1 Bd6 13. Nxc6 Nxc6 14. Bxc6+
Kf8 15. Bxa8 Qxa8 16. O-O Nf6 17. Nc3 Ng4 18. Nb5 Bxh2+ 19. Kh1 a6 20. Nc7 Qa7
21. Bxa7 Rh6 22. Rae1 a5 23. Re8+ Kf7 24. Rfe1 h4 25. R1e7+ Kf6 26. Re6+ Kg5 27.
Be3+ Kh5 28. Bxh6 gxh6 29. f3 Bxc7 30. Rc6 Be5 31. fxg4+ fxg4 32. Rxe5# {CazacuSofia est échec et mat} 1-0

[Event "Tournament 14459 - Europe Echecs"]
[Site "Europe Echecs"]
[Date "2020.07.07"]
[Round "1"]
[Time "14:15:03"]
[PlyCount "69"]
[White "ColinFelix"]
[Black "DupratNathanie"]
[WhiteElo "799"]
[BlackElo "1172"]
[Mode "WEB"]
[Result "0-1"]

1. e4 e5 2. Nc3 Bc5 3. Nf3 d6 4. Bb5+ Nc6 5. Bxc6+ bxc6 6. d3 Qf6 7. Bg5 Qg6 8.
h4 f6 9. h5 Qf7 10. Be3 g6 11. Bxc5 dxc5 12. Qd2 Ne7 13. O-O-O Be6 14. hxg6 Nxg6
15. Qf4 Nxf4 16. g3 Ng6 17. Nh4 Nxh4 18. gxh4 O-O-O 19. Na4 c4 20. Nc5 cxd3 21.
Nxd3 Bxa2 22. Nb4 Rxd1+ 23. Rxd1 Rd8 24. Rxd8+ Kxd8 25. b3 Bxb3 26. cxb3 Qxb3
27. Nc2 c5 28. h5 a5 29. Na1 Qa3+ 30. Kb1 Qd3+ 31. Nc2 Qxe4 32. Kb2 Qb7+ 33. Ka3
c4 34. Ne3 Qb3# {ColinFelix est échec et mat} 0-1

[Event "Tournament 14459 - Europe Echecs"]
[Site "Europe Echecs"]
[Date "2020.07.07"]
[Round "1"]
[Time "14:15:03"]
[PlyCount "143"]
[White "RobbeLeni"]
[Black "DemangeTheopha"]
[WhiteElo "1160"]
[BlackElo "799"]
[Mode "WEB"]
[Result "0-1"]

1. e4 e5 2. Qh5 Nc6 3. Bc4 g6 4. Qf3 Qf6 5. Qd1 Bc5 6. Qe2 Qd8 7. Nf3 Nf6 8. O-O
O-O 9. Nc3 d6 10. d3 Re8 11. Bg5 Be6 12. Rfe1 Bxc4 13. dxc4 Kg7 14. Nd5 Re6 15.
Qd2 Kg8 16. Bh6 Re8 17. Bg5 Re6 18. Bh4 Bd4 19. Nxd4 Nxd4 20. c3 Nc6 21. Re2 Kg7
22. Re3 Qf8 23. Nb4 Nxb4 24. cxb4 c5 25. bxc5 dxc5 26. Rd3 Nxe4 27. Qe3 Nf6 28.
Qe2 Rd8 29. Rc3 Red6 30. h3 Qe8 31. a3 Qd7 32. Rcc1 h6 33. Bg3 Re6 34. Rd1 Qe7
35. Rxd8 Qxd8 36. Bxe5 Qe7 37. f4 Kf8 38. Re1 Nd7 39. Kh2 f6 40. g3 fxe5 41. Qd3
exf4 42. Rxe6 fxg3+ 43. Kxg3 Qxe6 44. b3 Qf5 45. Qd2 Qg5+ 46. Qxg5 hxg5 47. Kg4
Kg7 48. Kxg5 a6 49. Kg4 b5 50. cxb5 axb5 51. a4 bxa4 52. bxa4 c4 53. a5 c3 54.
a6 c2 55. a7 Nb6 56. a8=Q Nxa8 57. h4 c1=Q 58. Kg3 Qc4 59. Kf3 Qxh4 60. Ke3 Qg4
61. Kd3 Qf4 62. Kc3 Qe4 63. Kb3 g5 64. Kc3 g4 65. Kd2 g3 66. Kc3 g2 67. Kd2 g1=Q
68. Kc3 Qg3+ 69. Kd2 Qed3+ 70. Kc1 Qe1+ 71. Kb2 Qeb1# {RobbeLeni est échec et mat} 0-1

[Event "Tournament 14459 - Europe Echecs"]
[Site "Europe Echecs"]
[Date "2020.07.07"]
[Round "1"]
[Time "14:15:03"]
[PlyCount "69"]
[White "DurieuxSacha"]
[Black "VerdierAnais"]
[WhiteElo "799"]
[BlackElo "1159"]
[Mode "WEB"]
[Result "0-1"]

1. a4 e5 2. b4 d5 3. a5 Bxb4 4. Ra4 Nc6 5. Rxb4 Nxb4 6. c4 Nc6 7. cxd5 Qxd5 8.
d4 Qxd4 9. Qxd4 Nxd4 10. Nc3 Nf6 11. Bg5 Nh5 12. Bc1 O-O 13. Bh6 gxh6 14. Ne4
Nc2+ 15. Kd1 Nb4 16. Ng5 hxg5 17. a6 bxa6 18. e4 Bb7 19. Bxa6 Bxa6 20. Ke1 Nf4
21. Nf3 Nxg2+ 22. Kd1 f6 23. Nxg5 fxg5 24. f4 exf4 25. Rg1 Ne3+ 26. Ke1 h6 27.
Rxg5+ hxg5 28. h3 Rfe8 29. e5 Rxe5 30. h4 Ng4+ 31. Kd1 Rd8+ 32. Kc1 Re2 33. hxg5
Ne3 34. g6 Rd1# {DurieuxSacha est échec et mat} 0-1

[Event "Tournament 14459 - Europe Echecs"]
[Site "Europe Echecs"]
[Date "2020.07.07"]
[Round "1"]
[Time "14:15:03"]
[PlyCount "49"]
[White "ElRhourriYanis"]
[Black "PalmierNathan"]
[WhiteElo "799"]
[BlackElo "1150"]
[Mode "WEB"]
[Result "0-1"]

1. e4 e5 2. Qh5 Nf6 3. Qxe5+ Be7 4. Bc4 d6 5. Qf4 O-O 6. e5 dxe5 7. Qxe5 Ng4 8.
Qf4 Bf6 9. h3 Ne5 10. Bd3 Nxd3+ 11. cxd3 Re8+ 12. Ne2 h6 13. O-O Rxe2 14. Nc3
Re8 15. Ne4 Nc6 16. Nxf6+ Qxf6 17. Qg3 Nd4 18. Qh2 Qg6 19. Qxc7 Nf3+ 20. Kh1 Nh4
21. g3 Bxh3 22. Rg1 Nf3 23. Rd1 Qh5 24. b3 Bf1# {ElRhourriYanis est échec et mat} 0-1

[Event "Tournament 14459 - Europe Echecs"]
[Site "Europe Echecs"]
[Date "2020.07.07"]
[Round "1"]
[Time "14:15:03"]
[PlyCount "64"]
[White "RiegerLylian"]
[Black "EripretRaoul"]
[WhiteElo "1148"]
[BlackElo "799"]
[Mode "WEB"]
[Result "1-0"]

1. e4 e5 2. Nf3 Nc6 3. Bc4 h6 4. a3 Nf6 5. d3 Bc5 6. b4 Bb6 7. Qe2 Ng4 8. O-O
Nf6 9. Be3 Bxe3 10. Qxe3 d6 11. c3 a6 12. a4 Be6 13. Bxe6 fxe6 14. Nbd2 Qe7 15.
Nc4 O-O-O 16. Rfb1 Ng4 17. Qe2 b5 18. axb5 axb5 19. Na5 Nxa5 20. Rxa5 Qd7 21.
Rba1 Qe8 22. d4 exd4 23. cxd4 e5 24. d5 h5 25. h3 Nf6 26. Rxb5 g5 27. Nxg5 Rg8
28. h4 c6 29. Qc2 Kc7 30. Ne6+ Kc8 31. Ra8+ Kd7 32. Rb7# {EripretRaoul est échec et mat} 1-0

[Event "Tournament 14459 - Europe Echecs"]
[Site "Europe Echecs"]
[Date "2020.07.07"]
[Round "1"]
[Time "14:15:03"]
[PlyCount "43"]
[White "FassiMaeliaAl"]
[Black "PonLeBrunGrego"]
[WhiteElo "799"]
[BlackElo "1145"]
[Mode "WEB"]
[Result "0-1"]

1. d4 d5 2. e3 Bf5 3. Bd3 Bg6 4. Nf3 Nc6 5. O-O Qd7 6. Nc3 e6 7. Bd2 Nf6 8. Nh4
Ne4 9. Qg4 Nxd2 10. Rad1 Nxf1 11. Qe2 Bxd3 12. Kxf1 Bxe2+ 13. Kxe2 Qe7 14. Kf1
Qxh4 15. Ne2 Qxh2 16. Ke1 Qh1+ 17. Kd2 Qxg2 18. Rg1 Qxf2 19. Re1 h5 20. e4 Nxd4
21. Kc1 Qxe1# {FassiMaeliaAl est échec et mat} 0-1

[Event "Tournament 14459 - Europe Echecs"]
[Site "Europe Echecs"]
[Date "2020.07.07"]
[Round "1"]
[Time "14:15:03"]
[PlyCount "28"]
[White "SpagnoloLouis"]
[Black "FongaroLeon"]
[WhiteElo "1141"]
[BlackElo "799"]
[Mode "WEB"]
[Result "1-0"]

1. e4 e5 2. Nf3 Nc6 3. Bc4 Nf6 4. d3 Bc5 5. Nc3 O-O 6. Bg5 d6 7. Nd5 Bg4 8. h3
Bxf3 9. Qxf3 Bb4+ 10. c3 Ba5 11. Bxf6 gxf6 12. Nxf6+ Kh8 13. Qf5 Ne7 14. Qxh7# {FongaroLeon est échec et mat} 1-0

[Event "Tournament 14459 - Europe Echecs"]
[Site "Europe Echecs"]
[Date "2020.07.07"]
[Round "1"]
[Time "14:15:03"]
[PlyCount "71"]
[White "GabeTom"]
[Black "RequenaPaulin"]
[WhiteElo "799"]
[BlackElo "1140"]
[Mode "WEB"]
[Result "0-1"]

1. e4 e5 2. Bc4 Nf6 3. Nc3 Bc5 4. d3 h6 5. Bd2 d6 6. Nf3 O-O 7. O-O Be6 8. Bxe6
fxe6 9. Be3 Bb6 10. Bxb6 axb6 11. Re1 Nc6 12. Qe2 Nd4 13. Nxd4 exd4 14. Nd1 e5
15. b3 c5 16. Nb2 b5 17. c4 bxc4 18. bxc4 Qd7 19. f3 Qc6 20. Qf2 Ng4 21. Qh4 Nf6
22. Qg3 Nh5 23. Qh4 Nf4 24. g3 Ng6 25. Qh5 Kh7 26. f4 exf4 27. gxf4 Rxf4 28. Rf1
Rxf1+ 29. Kxf1 Rf8+ 30. Kg1 Qb6 31. Na4 Qa5 32. Nb2 Qc3 33. Qe2 Nf4 34. Qf2 Nh3+
35. Kf1 Rxf2# {GabeTom est échec et mat} 0-1

[Event "Tournament 14459 - Europe Echecs"]
[Site "Europe Echecs"]
[Date "2020.07.07"]
[Round "1"]
[Time "14:15:03"]
[PlyCount "148"]
[White "RodionovVadim"]
[Black "GarcinEleonore"]
[WhiteElo "1134"]
[BlackElo "799"]
[Mode "WEB"]
[Result "1-0"]

1. d4 d5 2. c4 Nf6 3. Nc3 dxc4 4. e3 Bf5 5. Bxc4 Nc6 6. Qb3 Be6 7. Bxe6 fxe6 8.
Qxe6 Nb4 9. Qb3 Nbd5 10. Nxd5 Nxd5 11. Qxb7 Nf6 12. Qb5+ Qd7 13. Qxd7+ Nxd7 14.
Nf3 Nb8 15. O-O Nc6 16. Bd2 e6 17. Rac1 Ne7 18. Rxc7 Nd5 19. Rc2 Bb4 20. a3 Bxd2
21. Nxd2 Nf6 22. Rfc1 O-O 23. Rc6 Rfe8 24. Rc7 Nd5 25. R7c2 Nb6 26. Ne4 Rad8 27.
Rc7 e5 28. Ng5 exd4 29. Nf7 Rd5 30. exd4 Rxd4 31. h3 Ra4 32. Nd6 Re6 33. Nb5 a6
34. Rd1 Re8 35. Nc3 Ra5 36. Rb7 Nc4 37. Rdd7 Re1+ 38. Kh2 Re8 39. Rxg7+ Kh8 40.
Rxh7+ Kg8 41. Rh4 Nd6 42. Rg4+ Kf8 43. Rf4+ Kg8 44. Rbb4 Nb5 45. Nxb5 axb5 46.
Rf5 Ra4 47. Rbxb5 Re2 48. Rb7 Rae4 49. Rb4 Rxb4 50. axb4 Rxb2 51. b5 Kg7 52. Rc5
Kf6 53. Rc6+ Ke5 54. b6 Kd5 55. Rg6 Rxf2 56. b7 Rf8 57. h4 Rb8 58. Rg7 Ke6 59.
h5 Kf6 60. h6 Rh8 61. Rh7 Rxh7 62. b8=Q Rxh6+ 63. Kg1 Kg5 64. Qg8+ Kf6 65. Qf8+
Kg5 66. g3 Rh3 67. Kg2 Kg4 68. Qf4+ Kh5 69. Kxh3 Kg6 70. Kg4 Kh7 71. Qg5 Kh8 72.
Kf5 Kh7 73. Kf6 Kh8 74. Qg7# {GarcinEleonore est échec et mat} 1-0

[Event "Tournament 14459 - Europe Echecs"]
[Site "Europe Echecs"]
[Date "2020.07.07"]
[Round "1"]
[Time "14:15:03"]
[PlyCount "33"]
[White "GervaisClement"]
[Black "RachidNatalia"]
[WhiteElo "799"]
[BlackElo "1131"]
[Mode "WEB"]
[Result "0-1"]

1. e4 e5 2. Bb5 a6 3. Bxd7+ Bxd7 4. Nf3 Nc6 5. O-O Nf6 6. c3 Nxe4 7. c4 Bc5 8.
Nc3 Nxc3 9. b3 Nxd1 10. Rxd1 O-O 11. Bb2 e4 12. Ng5 Qxg5 13. Re1 Bh3 14. Kf1
Bxg2+ 15. Ke2 Bf3+ 16. Kf1 Qg2# {GervaisClement est échec et mat} 0-1

[Event "Tournament 14459 - Europe Echecs"]
[Site "Europe Echecs"]
[Date "2020.07.07"]
[Round "1"]
[Time "14:15:03"]
[PlyCount "127"]
[White "BlouvacDaphne"]
[Black "GrangeonEdouar"]
[WhiteElo "1130"]
[BlackElo "799"]
[Mode "WEB"]
[Result "1/2-1/2"]

1. e4 e5 2. Nf3 Nc6 3. Bc4 Bc5 4. Ng5 Qxg5 5. d3 Qxg2 6. Rf1 Qxh2 7. Nc3 Nf6 8.
Bg5 O-O 9. Qf3 Be7 10. O-O-O d6 11. Rh1 Bg4 12. Qe3 Qg2 13. Bxf6 Bxd1 14. Qe1
Bxf6 15. Qxd1 Nd4 16. Qh5 h6 17. Nd1 Bg5+ 18. Kb1 g6 19. Qh2 Qxh2 20. Rxh2 Nf3
21. Rg2 c6 22. Ne3 Bxe3 23. fxe3 Nh4 24. Rf2 b5 25. Bb3 a5 26. a4 bxa4 27. Bxa4
Rac8 28. d4 exd4 29. exd4 d5 30. exd5 cxd5 31. Bb3 Rcd8 32. Rf4 g5 33. Rf6 Kg7
34. Ra6 Rfe8 35. Rxa5 Re1+ 36. Ka2 Nf3 37. Bxd5 Nd2 38. Bb3 Nxb3 39. Kxb3 Rb8+
40. Ka2 Re2 41. Rc5 g4 42. Rc3 g3 43. Rxg3+ Kh7 44. Rf3 Rxc2 45. Rxf7+ Kg6 46.
Rf1 Rbxb2+ 47. Ka3 Rf2 48. Rxf2 Rxf2 49. d5 Rd2 50. Kb4 Rxd5 51. Kc4 h5 52. Kxd5
h4 53. Ke4 h3 54. Kf3 Kh5 55. Kf2 Kg4 56. Kg1 Kg3 57. Kh1 Kf3 58. Kg1 Kg4 59.
Kh1 Kf3 60. Kg1 Kg4 61. Kh1 Kg3 62. Kg1 h2+ 63. Kh1 Kh3 {Nulle par pat} 1/2-1/2

[Event "Tournament 14459 - Europe Echecs"]
[Site "Europe Echecs"]
[Date "2020.07.07"]
[Round "1"]
[Time "14:15:03"]
[PlyCount "43"]
[White "GrenouillatFel"]
[Black "CotterchioJade"]
[WhiteElo "799"]
[BlackElo "1130"]
[Mode "WEB"]
[Result "0-1"]

1. e4 d5 2. Qe2 e5 3. exd5 Nc6 4. dxc6 bxc6 5. d3 Ba6 6. c3 Nf6 7. b3 Qd7 8. Qe3
Qf5 9. c4 Bb4+ 10. Kd1 Ng4 11. a3 Nxe3+ 12. fxe3 Qxf1+ 13. Kc2 Qxg2+ 14. Kd1
Qxh1 15. axb4 Qxg1+ 16. Kc2 Qxh2+ 17. Kc3 e4 18. dxe4 Qe5+ 19. Kd3 Qxa1 20. e5
Qxb1+ 21. Kd4 O-O-O+ {GrenouillatFel a perdu au temps} 0-1

[Event "Tournament 14459 - Europe Echecs"]
[Site "Europe Echecs"]
[Date "2020.07.07"]
[Round "1"]
[Time "14:15:03"]
[PlyCount "107"]
[White "HoarauAntoine"]
[Black "DinoniAttaliMy"]
[WhiteElo "799"]
[BlackElo "1129"]
[Mode "WEB"]
[Result "0-1"]

1. d4 d5 2. c4 c6 3. cxd5 cxd5 4. Nc3 Nf6 5. Nf3 e6 6. Bf4 Bd6 7. Bxd6 Qxd6 8.
e3 Nc6 9. Bb5 Bd7 10. O-O O-O 11. Ne5 Nxe5 12. Bxd7 Nexd7 13. Qd3 Rac8 14. Nb5
Qb6 15. a4 a6 16. Nc3 Qxb2 17. Rab1 Qxc3 18. Qxc3 Rxc3 19. Rfc1 Rxc1+ 20. Rxc1
e5 21. dxe5 Nxe5 22. f4 Nd3 23. Rc3 Nb4 24. Rc7 h6 25. Rxb7 Nd3 26. Rb3 Nc5 27.
Rc3 Nxa4 28. Ra3 Nb2 29. Rxa6 Nd3 30. Rd6 Rc8 31. h3 Kh7 32. Rxd5 Nxd5 33. e4
N5xf4 34. g3 Ne2+ 35. Kf1 Nxg3+ 36. Kg2 Nxe4 37. Kf3 f5 38. Ke3 Rc3 39. Kd4 Ra3
40. Kd5 Ndc5 41. Kc6 f4 42. Kd5 f3 43. Kd4 f2 44. Ke5 f1=Q 45. Kd4 Qf6+ 46. Kc4
Qc3+ 47. Kd5 Ra5 48. Kc6 Qe5 49. Kb6 Ra8 50. Kb5 Na6+ 51. Kb6 Qc5+ 52. Kb7 Qc7+
53. Kxa8 Qb8# {HoarauAntoine est échec et mat} 0-1

[Event "Tournament 14459 - Europe Echecs"]
[Site "Europe Echecs"]
[Date "2020.07.07"]
[Round "1"]
[Time "14:15:03"]
[PlyCount "94"]
[White "FischlerInes"]
[Black "HuJeremy"]
[WhiteElo "1129"]
[BlackElo "799"]
[Mode "WEB"]
[Result "1-0"]

1. e4 e5 2. Nf3 Nf6 3. Nxe5 Qe7 4. Nf3 Nxe4 5. Qe2 Nc6 6. d3 Nf6 7. Qxe7+ Bxe7
8. Nc3 Bc5 9. Be3 Bxe3 10. fxe3 d5 11. d4 O-O 12. Bb5 a6 13. Ba4 b5 14. Bb3 Bf5
15. Nxd5 Rad8 16. Nxc7 Rc8 17. Nxa6 Ra8 18. Nc5 Rae8 19. Ke2 Rc8 20. Nd3 Na5 21.
Rhc1 Ng4 22. h3 Nf6 23. g4 Bg6 24. Nfe5 Be4 25. Nf3 Nxb3 26. axb3 h6 27. Ra5 Rb8
28. Nd2 Bc6 29. Ne5 Bg2 30. h4 g5 31. hxg5 hxg5 32. Kf2 Bh3 33. Kg3 Bxg4 34.
Nxg4 Nxg4 35. Kxg4 Rbd8 36. Kxg5 f6+ 37. Kf4 b4 38. Rb5 Rf7 39. Rg1+ Kh8 40.
Rh5+ Rh7 41. Rxh7+ Kxh7 42. Kf5 Rf8 43. d5 Rd8 44. e4 Re8 45. c3 Kh6 46. cxb4
Kh5 47. Rh1# {HuJeremy est échec et mat} 1-0

[Event "Tournament 14459 - Europe Echecs"]
[Site "Europe Echecs"]
[Date "2020.07.07"]
[Round "1"]
[Time "14:15:03"]
[PlyCount "88"]
[White "LlariMarc"]
[Black "TurchiMatteo"]
[WhiteElo "799"]
[BlackElo "1129"]
[Mode "WEB"]
[Result "1-0"]

1. e4 e5 2. Nf3 Nc6 3. Bb5 Nf6 4. O-O Bc5 5. Bxc6 dxc6 6. d3 Qe7 7. Nbd2 h6 8.
Nc4 Bg4 9. Ncxe5 Qxe5 10. Nxe5 Bxd1 11. Rxd1 O-O 12. Nc4 Ng4 13. d4 Bb6 14. f3
Nf6 15. Nxb6 cxb6 16. a4 a5 17. c4 Rfd8 18. Be3 Ra6 19. d5 cxd5 20. cxd5 Ne8 21.
Rac1 Nd6 22. e5 Nf5 23. Bf2 Ne7 24. d6 Nc8 25. Rc7 Ra7 26. Rdc1 Ra8 27. Rxb7 Re8
28. Rcc7 Rf8 29. d7 Ne7 30. Bxb6 Nd5 31. Rc6 Nxb6 32. Rcxb6 Rad8 33. Ra6 f6 34.
e6 Ra8 35. Rxa8 Rxa8 36. e7 Kf7 37. d8=Q Rxd8 38. exd8=Q+ Kg6 39. g4 f5 40. h4
fxg4 41. Qd6+ Kh5 42. Rxg7 gxf3 43. Qg6+ Kxh4 44. Qg4# {TurchiMatteo est échec et mat} 1-0

[Event "Tournament 14459 - Europe Echecs"]
[Site "Europe Echecs"]
[Date "2020.07.07"]
[Round "1"]
[Time "14:15:03"]
[PlyCount "46"]
[White "SurCortierColi"]
[Black "LoosliTheo"]
[WhiteElo "1128"]
[BlackElo "799"]
[Mode "WEB"]
[Result "1-0"]

1. e4 e5 2. Nf3 Nc6 3. Bb5 Qe7 4. O-O Nf6 5. Re1 a6 6. Ba4 b5 7. Bb3 Bb7 8. c3
Qd8 9. d4 exd4 10. cxd4 Bb4 11. Nc3 O-O 12. Bg5 h6 13. Bh4 Qe7 14. e5 Bxc3 15.
exf6 Qe6 16. Bxe6 dxe6 17. bxc3 gxf6 18. Bxf6 Kh7 19. d5 exd5 20. Qxd5 Nd8 21.
Qf5+ Kg8 22. Qg4+ Kh7 23. Qg7# {LoosliTheo est échec et mat} 1-0

[Event "Tournament 14459 - Europe Echecs"]
[Site "Europe Echecs"]
[Date "2020.07.07"]
[Round "1"]
[Time "14:15:03"]
[PlyCount "114"]
[White "NeelLaura"]
[Black "RosuAlexandru"]
[WhiteElo "799"]
[BlackElo "1126"]
[Mode "WEB"]
[Result "1/2-1/2"]

1. e4 e5 2. Nf3 Nc6 3. d4 exd4 4. Nxd4 g6 5. Nc3 Bg7 6. Nxc6 bxc6 7. Bc4 Bxc3+
8. bxc3 d6 9. Qf3 Qf6 10. Be2 Qxf3 11. Bxf3 c5 12. Rb1 c6 13. e5 Bd7 14. exd6
Nf6 15. Ba3 O-O 16. O-O Rab8 17. Bxc5 Rxb1 18. Rxb1 a6 19. h3 Nd5 20. c4 Nf6 21.
Rb6 Re8 22. Kf1 Ne4 23. Bxe4 Rxe4 24. Rb7 Rxc4 25. Rxd7 Rxc5 26. Rc7 Kg7 27. d7
Rd5 28. Rxc6 Rxd7 29. Rxa6 Rc7 30. Rb6 Rxc2 31. a4 Ra2 32. Rb4 Kf6 33. Ke1 Ke5
34. Kd1 Rxf2 35. a5 Rxg2 36. Ra4 Rg1+ 37. Ke2 Rb1 38. a6 Rb8 39. a7 Ra8 40. Ke3
Kd6 41. Ra6+ Kc7 42. Rf6 Rxa7 43. Rxf7+ Kb6 44. Rxa7 Kxa7 45. Kf4 Kb7 46. Kg5
Kc7 47. Kh6 Kd7 48. Kxh7 g5 49. Kg6 Ke7 50. Kxg5 Kf7 51. Kh6 Kg8 52. Kg6 Kh8 53.
h4 Kg8 54. h5 Kh8 55. h6 Kg8 56. h7+ Kh8 57. Kh6 {Nulle par pat} 1/2-1/2